LEADER 00736nam a2200217 i 4500 001 000000194449 003 CaOOAMICUS 005 20101116000000.0 008 101116n it u000 u ita u 013 $a173101 040 $aSeMil$bita 245 13$aIl Circolo Giovanile. 260 $a[S.l. :$bs.n.],$c[1965?] 300 $a106 p. ;$c25 cm. 500 $aContiene : Appendice. 650 4$aGiovani - Comunità giovanili.$0(OLS)http://semarc/subject/19067 850 $aSeMil 852 $aSeMil$W1$xVenegono$y1$m5D XI 15/9$j145023$B145023$CSeMilBibl$Z2$F156489 $81 961 $aOmaggio: Altro 996 $6245$aIl Circolo Giovanile$9(OLS)http://semarc/title/280367 996 $6260$a[S.l. :$bs.n.]$9(OLS)http://semarc/publisher/29751 LEADER 01164nam a2200301 i 4500 001 000000126353 003 CaOOAMICUS 005 20051228000000.0 008 051228s1981 it u000 u ita u 013 $a99058 040 $aSeMil$bita 100 1 $aMarcozzi, Vittorio .$0(OLS)http://semarc/name/21781 245 10$aPerò l'uomo è diverso /$cVittorio Marcozzi. 260 $aMilano :$bRusconi,$c1981. 300 $a172 p. , [16] p. di tav. :$bill. ;$c22 cm. 490 0 $aScienza e vita nuova 490 0 $aScienza e vita nuova. L'uomo 500 $aFondo Card. C.M. Martini. 650 4$aUomo.$0(OLS)http://semarc/subject/977 650 4$aPrimati.$0(OLS)http://semarc/subject/24669 830 0$aScienza e vita nuova.$0(OLS)http://semarc/title/19994 830 0$aScienza e vita nuova. L'uomo.$0(OLS)http://semarc/title/19996 850 $aSeMil 852 $aSeMil$W1$xVenegono$y1$m3X III 8$j80727$B80727$CSeMilBibl$Z2$F107537 $81 941 1 $a4 961 $aOmaggio: Martini Card. Carlo Maria 996 $6245$aPerò l'uomo è diverso$9(OLS)http://semarc/title/186255 996 $6260$aMilano :$bRusconi$9(OLS)http://semarc/publisher/30258